000 00878cab a2200265 4500
001 WB3216-32
008 090401t1996 xxu||||| |||| 00| 0 eng d
035 _a(Sirsi) u73984
041 _aeng
245 _aRent initiative
260 _c1996
350 _a0
490 _aSunday Business
_v21 April 1996, 11(1)
520 _aA "Buy to Let" scheme is being set up to encourage individuals to buy a second home for letting purposes. The initiative is to be launched in June 1996 and aims to add 1m homes to the private rented sector.
650 _aARLA
650 _aBUY-TO-LET
650 _aABOUT RICS-RELATED ORGANISATIONS-INCORPORATED SOCIETY OF VALUERS AND AUCTIONEERS
650 _aPRIVATE RENTED SECTOR
650 _aRENTED HOUSING
650 _aRICS
690 _aHOUSING
690 _aPROPERTY-LANDLORD AND TENANT
942 _n0
948 _c04/03/1997
999 _c46697
_d46697